<?xml version="1.0" encoding="UTF-8"?><?xml-stylesheet type="text/xsl" href="static/style.xsl"?><OAI-PMH xmlns="http://www.openarchives.org/OAI/2.0/" xmlns:xsi="http://www.w3.org/2001/XMLSchema-instance" xsi:schemaLocation="http://www.openarchives.org/OAI/2.0/ http://www.openarchives.org/OAI/2.0/OAI-PMH.xsd"><responseDate>2026-04-13T04:58:31Z</responseDate><request verb="GetRecord" identifier="oai:www.recercat.cat:2117/445033" metadataPrefix="marc">https://recercat.cat/oai/request</request><GetRecord><record><header><identifier>oai:recercat.cat:2117/445033</identifier><datestamp>2025-11-08T13:08:31Z</datestamp><setSpec>com_2072_1033</setSpec><setSpec>col_2072_452951</setSpec></header><metadata><record xmlns="http://www.loc.gov/MARC21/slim" xmlns:dcterms="http://purl.org/dc/terms/" xmlns:xsi="http://www.w3.org/2001/XMLSchema-instance" xmlns:doc="http://www.lyncode.com/xoai" xsi:schemaLocation="http://www.loc.gov/MARC21/slim http://www.loc.gov/standards/marcxml/schema/MARC21slim.xsd">
   <leader>00925njm 22002777a 4500</leader>
   <datafield ind2=" " ind1=" " tag="042">
      <subfield code="a">dc</subfield>
   </datafield>
   <datafield ind2=" " ind1=" " tag="720">
      <subfield code="a">Calaf Caldentey, Guillem</subfield>
      <subfield code="e">author</subfield>
   </datafield>
   <datafield ind2=" " ind1=" " tag="260">
      <subfield code="c">2025-04</subfield>
   </datafield>
   <datafield ind2=" " ind1=" " tag="520">
      <subfield code="a">Aquest treball té com a objectiu principal el redisseny i optimització d’un quadre de bicicleta de fabricació artesanal, prenent com a punt de partida un model urbà existent de l’empresa CastroBikes, amb la finalitat de transformar-lo en una bicicleta de muntanya tipus trail, adreçada a un usuari aficionat. A través d’una metodologia basada en el disseny paramètric, l’anàlisi de geometries comercials i la simulació estructural, s’ha desenvolupat una proposta que compleix amb criteris de rigidesa, funcionalitat, viabilitat econòmica i coherència amb els valors de la marca. En una primera fase, s’ha dut a terme un estudi previ de mercat per identificar les característiques tècniques i geomètriques de referència, analitzant models de marques existents. Amb aquesta informació, es van generar diversos dissenys paramètrics de quadre, dels quals es va seleccionar l’òptim aplicant criteris de massa i proporció. Posteriorment, es va validar la proposta mitjançant simulacions estructurals per elements finits, comparant el comportament del model amb diferents materials. L’estudi econòmic ha considerat els costos de producció, logística i comercialització, obtenint un preu de venda coherent amb l’estratègia comercial de CastroBikes, orientada a productes únics i de qualitat. A més, el projecte ha integrat principis de sostenibilitat, apostant per una producció local, artesanal i responsable. Aquest treball demostra la viabilitat tècnica, econòmica i conceptual d’adaptar un model existent a un nou segment de mercat, consolidant així l’objectiu inicial de reconvertir una bicicleta urbana en una bicicleta trail funcional i optimitzada, respectant l’essència artesanal de la marca.</subfield>
   </datafield>
   <datafield ind1="8" ind2=" " tag="024">
      <subfield code="a">http://hdl.handle.net/2117/445033</subfield>
   </datafield>
   <datafield tag="653" ind2=" " ind1=" ">
      <subfield code="a">Àrees temàtiques de la UPC::Enginyeria mecànica</subfield>
   </datafield>
   <datafield tag="653" ind2=" " ind1=" ">
      <subfield code="a">Bicycles -- Design and construction</subfield>
   </datafield>
   <datafield tag="653" ind2=" " ind1=" ">
      <subfield code="a">Mountain bikes -- Design and construction</subfield>
   </datafield>
   <datafield tag="653" ind2=" " ind1=" ">
      <subfield code="a">Industrial design -- Designs and plans</subfield>
   </datafield>
   <datafield tag="653" ind2=" " ind1=" ">
      <subfield code="a">Bicicletes -- Disseny i construcció</subfield>
   </datafield>
   <datafield tag="653" ind2=" " ind1=" ">
      <subfield code="a">Bicicletes tot terreny -- Disseny i construcció</subfield>
   </datafield>
   <datafield tag="653" ind2=" " ind1=" ">
      <subfield code="a">Disseny industrial -- Projectes</subfield>
   </datafield>
   <datafield ind2="0" ind1="0" tag="245">
      <subfield code="a">Redisseny i optimització d’una bicicleta de fabricació artesanal: transformació d’un model urbà en un de trail</subfield>
   </datafield>
</record></metadata></record></GetRecord></OAI-PMH>